000 00481nam a2200181Ia 4500
005 20250326143038.0
008 250326s9999 xx 000 0 und d
037 _aTextbook
040 _aFMSL
_beng
_cFMSL
041 _aeng
_2eng
084 _aX:51 N3;6
_qFMSL
100 _aVerma H V
245 0 _aMarketing of services
_cVerma H V
260 _aDelhi
_bDelhi, Global Business
_c1993
300 _axii,156
942 _cTB
_hX:51 N3;6
999 _c1297856
_d1297856